| 000 | 00720nam a22002537a 4500 | ||
|---|---|---|---|
| 003 | UA-OsUOA | ||
| 001 | 23041 | ||
| 007 | ta | ||
| 008 | 20040105b un ||||| |||| 00| 0 ukr d | ||
| 100 | _aБгактіведанта Свамі Прабгупада А. Ч. | ||
| 090 |
_a294.527 _bЛ38 |
||
| 942 | _cBK | ||
| 040 |
_aUA-OsUOA _bukr _cUA-OsUOA _dUA-OsUOA |
||
| 245 | _aЛегка подорож на інші планети | ||
| 300 | _a126 с. | ||
| 955 | _a3 | ||
| 041 | _aukr | ||
| 080 | _a294.527 | ||
| 020 | _a91-85580-73-2 | ||
| 260 |
_aКиїв _bБгактіведанта Бук Траст _c1991 |
||
| 044 | _aUA | ||
| 650 | 7 |
_a29 Нехристиянські релігії _2UDC |
|
| 999 |
_c309277 _d309277 |
||